00685nam a2200229Ia 4500003000900000008004100009040001300050040001300063041000800076100002200084245004600106250001200152260001600164260000900180300001100189300001200200490002600212490000700238942000700245999001700252952018600269IT-RoPAU120407s9999 xx 000 0 und d aIT-RoPAU cIT-RoPAU aita aClement V. Durell aLa relatività con le quattro operazioni aTorino  aBoringhieri c1966 a192 p. c19,5 cm aUniversae scientifica v15 cBK c27958d27958 00102ddc406L_M_301_00000000000000071aPAULUSbPAULUSd2012-04-11l0oL M.301r2012-04-11 00:00:00w2012-04-11yBKzInserito da: In data: n.d. fondo: Via A.Severo 56 Progr:21201